<?xml version="1.0" encoding="UTF-8"?>
<record
    xmlns:xsi="http://www.w3.org/2001/XMLSchema-instance"
    xsi:schemaLocation="http://www.loc.gov/MARC21/slim http://www.loc.gov/standards/marcxml/schema/MARC21slim.xsd"
    xmlns="http://www.loc.gov/MARC21/slim">

  <leader>01398nam a2200265 a 4500</leader>
  <controlfield tag="005">20150105112727.0</controlfield>
  <controlfield tag="008">140122b2002    ck ||||| |||| 00| 0 spa d</controlfield>
  <datafield tag="040" ind1=" " ind2=" ">
    <subfield code="c">CO-BoIH</subfield>
  </datafield>
  <datafield tag="041" ind1=" " ind2=" ">
    <subfield code="a">spa</subfield>
  </datafield>
  <datafield tag="090" ind1=" " ind2=" ">
    <subfield code="a">IAVH</subfield>
    <subfield code="b">00261</subfield>
  </datafield>
  <datafield tag="100" ind1=" " ind2=" ">
    <subfield code="a">D&#xED;az Merch&#xE1;n, Jos&#xE9; Andr&#xE9;s</subfield>
    <subfield code="9">4268</subfield>
  </datafield>
  <datafield tag="245" ind1=" " ind2=" ">
    <subfield code="a">Sondeo del mercado internacional de heliconias y follajes tropicales</subfield>
  </datafield>
  <datafield tag="260" ind1=" " ind2=" ">
    <subfield code="a">Bogot&#xE1;</subfield>
    <subfield code="b">Instituto Alexander von Humboldt</subfield>
    <subfield code="c">2002</subfield>
  </datafield>
  <datafield tag="300" ind1=" " ind2=" ">
    <subfield code="a">34 p.</subfield>
  </datafield>
  <datafield tag="520" ind1=" " ind2=" ">
    <subfield code="a">Se explora el mercado mundial de heliconias y follajes tropicles con base en informaci&#xF3;n secundaria. Se analizan los principales actores de cada mercado, con algunas cifras de importaciones y exportaciones y se hace referencia a las tendencias mundiales y a los canales de distribuci&#xF3;n de algunos pa&#xED;ses. Se presenta informaci&#xF3;n general sobre precios y m&#xE1;rgenes, la funci&#xF3;n de los pa&#xED;ses en desarrollo, los atributos importantes para el consumidor y para el comercializador, as&#xED; como requerimientos y datos importantes para la comercializaci&#xF3;n de estos productos</subfield>
  </datafield>
  <datafield tag="650" ind1=" " ind2=" ">
    <subfield code="a">An&#xE1;lisis de mercados</subfield>
    <subfield code="9">4150</subfield>
  </datafield>
  <datafield tag="650" ind1=" " ind2=" ">
    <subfield code="a">Follajes ornamentales</subfield>
    <subfield code="9">4679</subfield>
  </datafield>
  <datafield tag="650" ind1=" " ind2=" ">
    <subfield code="a">Flores ornamentales</subfield>
    <subfield code="9">4680</subfield>
  </datafield>
  <datafield tag="650" ind1=" " ind2=" ">
    <subfield code="a">Mercado internacional de flores</subfield>
    <subfield code="9">4681</subfield>
  </datafield>
  <datafield tag="650" ind1=" " ind2=" ">
    <subfield code="a">Comercializaci&#xF3;n de flores y follajes</subfield>
    <subfield code="9">4682</subfield>
  </datafield>
  <datafield tag="700" ind1=" " ind2=" ">
    <subfield code="a">Avila, Lina Mar&#xED;a</subfield>
    <subfield code="9">4273</subfield>
  </datafield>
  <datafield tag="700" ind1=" " ind2=" ">
    <subfield code="a">Oyola, Jorge Luis</subfield>
    <subfield code="9">4401</subfield>
  </datafield>
  <datafield tag="942" ind1=" " ind2=" ">
    <subfield code="c">INFORME</subfield>
    <subfield code="2">z</subfield>
  </datafield>
  <datafield tag="945" ind1=" " ind2=" ">
    <subfield code="d">2004-06-07</subfield>
  </datafield>
  <datafield tag="999" ind1=" " ind2=" ">
    <subfield code="c">3906</subfield>
    <subfield code="d">3906</subfield>
  </datafield>
  <datafield tag="952" ind1=" " ind2=" ">
    <subfield code="0">0</subfield>
    <subfield code="1">0</subfield>
    <subfield code="2">z</subfield>
    <subfield code="4">0</subfield>
    <subfield code="7">0</subfield>
    <subfield code="8">HUMBOLDT</subfield>
    <subfield code="I">INV2017</subfield>
    <subfield code="a">Bogota</subfield>
    <subfield code="b">Bogota</subfield>
    <subfield code="d">2004-06-07</subfield>
    <subfield code="e">D&#xED;az, Jos&#xE9; Andr&#xE9;s</subfield>
    <subfield code="l">0</subfield>
    <subfield code="o">IAVH-00261</subfield>
    <subfield code="p">015980</subfield>
    <subfield code="r">2024-08-09 00:00:00</subfield>
    <subfield code="t">Ej. 1</subfield>
    <subfield code="w">2012-12-04</subfield>
    <subfield code="x">Entregado</subfield>
    <subfield code="y">INFORME</subfield>
  </datafield>
</record>
